O poézii. Sprostytúcia

Bibliographic Details
Main Author: Puchala, Vladimír, 1967- (Author)
Format: Article
Language:Slovak
Subjects:

MARC

LEADER 00000nab a2200000 a 4500
001 vtls000440708
003 SK-MaSNL
005 20260304013906.0
008 241209c1991 xo 0 slo
015 |a SNBRB19rr/mm-uuuuu 
035 |a CL0440838 
035 |a urn:nbn:sk:snk-abbmek 
035 |a (urnnbn)urn:nbn:sk:snk:ar-002q1o 
035 |a (uuid)8dbc4e36-e460-4dc5-abbe-c2f05d315ad4 
040 |a SNKBUCL  |b slo  |c SNKBUCL  |e AACR2 
041 0 |a slo 
044 |a xo  |c SK 
080 |a 885.4-1  |2 1981 
100 1 |a Puchala, Vladimír,  |d 1967-  |4 aut  |9 104634 
245 1 0 |a O poézii. Sprostytúcia  |c Vlado Puchala 
655 7 |a slovenská poézia  |2 snkbucl  |9 70444 
655 7 |a články z novín a časopisov  |2 snkbucl  |9 267496 
655 7 |a články z odboru literárna veda a krásna literatúra  |2 snkbucl  |9 770045 
773 0 |t Dotyky  |g Roč. 3, č. 9 (1991), s. 48 
850 |a Slovenská národná knižnica 
852 |a Slovenská národná knižnica 
958 |a RK 
958 |a LX 
958 |a OND 
958 |a EUIPO 
958 |a article15 
992 |a RBX 
999 |c 2579136  |d 2581066